Yoga Vasistha/ (Record no. 197861)

MARC details
000 -LEADER
fixed length control field 00582nam a2200193 4500
005 - DATE AND TIME OF LATEST TRANSACTION
control field 20230911104704.0
010 ## - LCCN (DPL NO)
LC control number ENG-137991
020 ## - INTERNATIONAL STANDARD BOOK NUMBER
Terms of availability 300.00
International Standard Book Number 8185883963
035 ## - SYSTEM CONTROL NUMBER
System control number EN-121523
037 ## - SOURCE OF ACQUISITION
Source of stock number/acquisition DBAD/PUB
082 ## - DEWEY DECIMAL CLASSIFICATION NUMBER
Classification number 181.432
100 ## - MAIN ENTRY--PERSONAL NAME
Personal name Jyotirmayananada, Swami
245 ## - TITLE STATEMENT
Title Yoga Vasistha/
Statement of responsibility, etc BySwami Jyotirmayananda
Medium English
260 ## - PUBLICATION, DISTRIBUTION, ETC. (IMPRINT)
Place of publication, distribution, etc Uttar Pradesh
Name of publisher, distributor, etc International Yoga Society
Date of publication, distribution, etc 2018
270 ## - ADDRESS
City Uttar Pradesh
Address Lal Bagh, Loni -201102
300 ## - PHYSICAL DESCRIPTION
Extent 351p (paper bound)
Dimensions 22cm(pbk)
490 ## - SERIES STATEMENT
Volume number/sequential designation 4
942 ## - ADDED ENTRY ELEMENTS (KOHA)
Source of classification or shelving scheme Dewey Decimal Classification
Item type English Books
Classification part 181.432
Call number suffix JYO
Edition 1
Holdings
Withdrawn status Lost status Not for loan Collection code Home library Current library Date acquired Source of acquisition Cost, normal purchase price Full call number Barcode Copy number Cost, replacement price Koha item type
      Non-fiction Central Jail Tihar Central Jail Tihar 05/09/2023 DBAD/PUB 300.00 181.432 JYO EN-121523 1 300.00 English Books

© Delhi Public Library
Hit Counter
free hit counter